<?xml version="1.0" encoding="UTF-8"?>
<record
    xmlns:xsi="http://www.w3.org/2001/XMLSchema-instance"
    xsi:schemaLocation="http://www.loc.gov/MARC21/slim http://www.loc.gov/standards/marcxml/schema/MARC21slim.xsd"
    xmlns="http://www.loc.gov/MARC21/slim">

  <leader>01562nam a2200205 a 4500</leader>
  <controlfield tag="001">ASIN1937570037</controlfield>
  <controlfield tag="005">20170105102931.0</controlfield>
  <controlfield tag="008">140224s2011    xxu                 eng d</controlfield>
  <datafield tag="020" ind1=" " ind2=" ">
    <subfield code="a">1937570037 (paperback)</subfield>
    <subfield code="c">$28.00</subfield>
  </datafield>
  <datafield tag="020" ind1=" " ind2=" ">
    <subfield code="a">9781937570033 (paperback)</subfield>
  </datafield>
  <datafield tag="040" ind1=" " ind2=" ">
    <subfield code="a">0</subfield>
  </datafield>
  <datafield tag="082" ind1=" " ind2=" ">
    <subfield code="a">331.013</subfield>
    <subfield code="b">LIN 2012</subfield>
  </datafield>
  <datafield tag="100" ind1="1" ind2=" ">
    <subfield code="a">Lindner, Evelin G.</subfield>
  </datafield>
  <datafield tag="245" ind1="1" ind2="2">
    <subfield code="a">A dignity economy /</subfield>
    <subfield code="c">Evelin G. Lindner.</subfield>
  </datafield>
  <datafield tag="260" ind1=" " ind2=" ">
    <subfield code="a">[S.l.] :</subfield>
    <subfield code="b">Dignity Press,</subfield>
    <subfield code="c">2011.</subfield>
  </datafield>
  <datafield tag="300" ind1=" " ind2=" ">
    <subfield code="a">460 p. ;</subfield>
    <subfield code="c">23 cm.</subfield>
  </datafield>
  <datafield tag="520" ind1=" " ind2=" ">
    <subfield code="a">The economic crisis has many labels ranging from "subprime crisis" to "credit crunch," to "financial tsunami" or "economic Armageddon. Around the world, people are coming to a single diagnosis: "Something is deeply unhealthy in our world." This book advocates a deep paradigm shift, not just from one rigid paradigm to another rigid paradigm, but away from rigidity altogether. Away from massive institutions toward a global movement that is co-created by people and their enthusiastic energy. We need a dignity revolution, and not just in Tunisia or Egypt. Now we need a global dignity revolution, a world dignity movement, a movement that creates inclusion, both locally and globally. This book by the author of award winning books "Making Enemies - Humiliation and International Conflict", "Emotion and Conflict", as well as "Gender, Humiliation, and Global Security" provides an overview about the plurality of concepts and movements aimed at this.</subfield>
  </datafield>
  <datafield tag="856" ind1="4" ind2="0">
    <subfield code="3">Amazon.com</subfield>
    <subfield code="u">http://www.amazon.com/exec/obidos/ASIN/1937570037/chopaconline-20</subfield>
  </datafield>
  <datafield tag="942" ind1=" " ind2=" ">
    <subfield code="2">ddc</subfield>
    <subfield code="c">BK</subfield>
  </datafield>
  <datafield tag="999" ind1=" " ind2=" ">
    <subfield code="c">16041</subfield>
    <subfield code="d">16041</subfield>
  </datafield>
  <datafield tag="952" ind1=" " ind2=" ">
    <subfield code="0">0</subfield>
    <subfield code="1">0</subfield>
    <subfield code="4">0</subfield>
    <subfield code="7">0</subfield>
    <subfield code="8">NFIC</subfield>
    <subfield code="a">CIPS</subfield>
    <subfield code="b">CIPS</subfield>
    <subfield code="c">GEN</subfield>
    <subfield code="d">2013-10-25</subfield>
    <subfield code="l">0</subfield>
    <subfield code="o">331.013 LIN 2012</subfield>
    <subfield code="p">CIPSD0000008</subfield>
    <subfield code="r">2014-02-24</subfield>
    <subfield code="w">2014-02-24</subfield>
    <subfield code="y">BK</subfield>
  </datafield>
</record>
